Khải hoàn môn = Le papillon des femmes

में बचाया:
ग्रंथसूची विवरण
मुख्य लेखक: Erich Maria Remarque
स्वरूप: पुस्तक
भाषा:Undetermined
प्रकाशित: Đồng Nai Nxb. Đồng Nai 1999
विषय:
टैग : टैग जोड़ें
कोई टैग नहीं, इस रिकॉर्ड को टैग करने वाले पहले व्यक्ति बनें!
Thư viện lưu trữ: Trung tâm Học liệu Trường Đại học Cần Thơ
LEADER 00545nam a2200181Ia 4500
001 CTU_35642
008 210402s9999 xx 000 0 und d
082 |a 833.91 
082 |b R384k 
100 |a Erich Maria Remarque 
245 0 |a Khải hoàn môn 
245 0 |b = Le papillon des femmes 
245 0 |c Erich Maria Remarque, Huỳnh Phan Anh 
260 |a Đồng Nai 
260 |b Nxb. Đồng Nai 
260 |c 1999 
650 |a german fiction ( vietnamese ) - 20th century 
980 |a Trung tâm Học liệu Trường Đại học Cần Thơ